Every Hobbit Meal - Statistics

General Stats
  • This quiz has been taken 19 times
  • The average score is 6 of 7
Answer Stats
Hint Answer % Correct
7am Breakfast
100%
6pm Dinner
100%
9am Second Breakfast
100%
9pm Supper
89%
3pm Afternoon Tea
68%
11am Elevenses
68%
1pm Luncheon
63%
No matching quizzes found
Score Distribution
Percent of People with Each Score
Percentile by Number Answered
Your Score History
You have not taken this quiz